000 00417nam a2200181Ia 4500
008 210210b1980 xxu||||| |||| 00| 0 eng d
041 _aeng
082 _a907.2 RAVN
100 _aRAVINDRAN (T K)
245 _aNehrus idea of history
260 _aN D
_bLight & life publishers
_c1980
650 _aof
650 _aNehrus
650 _aidea
650 _ahistory
690 _aHistoriography
906 _a043066
999 _c92389
_d92389